| 000 -ლიდერი |
| ფიქსირებული სიგრძის საკონტროლო ველი |
01851nam a2200265Ia 4500 |
| 001 - საკონტროლო ნომერი |
| საკონტროლო ველი |
22650 |
| 003 - საკონტროლო ნომრის იდენტიფიკატორი |
| საკონტროლო ველი |
GE_BSU |
| 005 - ბოლო ოპერაციის თარიღი და დრო |
| საკონტროლო ველი |
20230410105747.0 |
| 008 - ფიქსირებული სიგრძის მონაცემთა ელემენტები - ზოგადი ინფორმაცია |
| ფიქსირებული სიგრძის საკონტროლო ველი |
181216s ||||ge |||||||||||||| ||geo|| |
| 020 ## - წიგნის საერთაშორისო სტანდარტული ნომერი |
| International Standard Book Number |
9789941261206 |
| 040 ## - კატალოგიზაციის წყარო |
| Transcribing agency |
GE_BSU |
| 041 ## - ენის კოდი |
| Language code of text/sound track or separate title |
geo |
| 080 ## - უნივერსალური ათობითი კლასიფიკაციის ინდექსი |
| Universal Decimal Classification number |
821.111.1+821.353.1 შ-16 |
| 100 ## - მთავარი ჩანაწერი - პიროვნების სახელი |
| Personal name |
შავლაძე, თეა |
| 9 (RLIN) |
5961 |
| 245 ## - ცნობა სათაურის შესახებ |
| Title |
ნეკროლოგი როგორც ტექსტობრივი ფენომენი და მისი ტოპოლოგიური და ლინგვოკულტუროლოგიური თავისებურებები(თანამედროვე ქართული და ანგლოამერიკული ნეკროლოგების მასალაზე) : |
| Remainder of title |
მონოგრაფია / |
| Statement of responsibility, etc |
თეა შავლაძე ; რედ. მანანა ღარიბაშვილი. |
| 264 ## - წარმოების, გამოცემის, დისტრიბუციის და სხვა ცნობები |
| გამოცემის, წარმოების, დისტრიბუციის... ადგილი |
თბილისი : |
| გამოცემის, წარმოების, დისტრიბუციის... სახელწოდება |
უნივერსალი, |
| გამოცემის, წარმოების, დისტრიბუციის... თარიღი |
2017. |
| 300 ## - ფიზიკური აღწერა |
| Extent |
132 გვ. ; |
| Dimensions |
20 სმ. |
| 504 ## - BIBLIOGRAPHY, ETC. NOTE |
| Bibliography, etc |
ბიბლიოგრაფ. გვ. 128-131 |
| 653 ## - INDEX TERM--UNCONTROLLED |
| Uncontrolled term |
ინგლისური ლიტერატურა |
| 653 ## - INDEX TERM--UNCONTROLLED |
| Uncontrolled term |
ნეკროლოგი როგორც ტექსტობრივი ფენომენი და მისი ტოპოლოგიური და ლინგვოკულტუროლოგიური თავისებურებები(თანამედროვე ქართული და ანგლოამერიკული ნეკროლოგების მასალაზე) |
| 653 ## - INDEX TERM--UNCONTROLLED |
| Uncontrolled term |
მონოგრაფია |
| 700 ## - ADDED ENTRY--PERSONAL NAME |
| Personal name |
ღარიბაშვილი, მანანა |
| Relator term |
რედქტორი |
| 9 (RLIN) |
3637 |
| 942 ## - ADDED ENTRY ELEMENTS (KOHA) |
| Koha item type |
წიგნი |
| Source of classification or shelving scheme |
|